000 00761nam a2200229Ia 4500
005 20241129104254.0
008 241129s9999||||xx |||||||||||||| ||und||
020 _a9781032803258
037 _aTextual
040 _aRTL
_beng
_cRTL
041 _aeng
_2eng
084 _aU216:(G:55).277 R3
_qRTL
100 _aBaruah Mitul
_9725099
245 0 _aSlow disaster: Political ecology of hazards and everyday life in the Brahmaputra Valley Assam
_cBaruah Mitul
260 _aUSA
_bRoutledge
_c2023
300 _axvi154p.
365 _aINR
_bRs.1495.00
490 _aRoutledge Studies in Hazards Disaster Risk and Climate Change
650 _aDisaster Risk- Assam
_9725100
942 _cTB
_hU216:(G:55).277 R3
999 _c1225167
_d1225167